Dams and earthquakes / (Record no. 10933)
[ view plain ]
| 000 -LEADER | |
|---|---|
| fixed length control field | 00931nam a2200277 a 4500 |
| 001 - CONTROL NUMBER | |
| control field | 10933 |
| 003 - CONTROL NUMBER IDENTIFIER | |
| rucl marc code | BD-RjUL |
| 005 - DATE AND TIME OF LATEST TRANSACTION | |
| control field | 20211208235037.0 |
| 008 - FIXED-LENGTH DATA ELEMENTS--GENERAL INFORMATION | |
| fixed length control field | 140125s1976 ne abd b 001 0 eng d |
| 020 ## - INTERNATIONAL STANDARD BOOK NUMBER | |
| International Standard Book Number | 0444413308 |
| 035 ## - SYSTEM CONTROL NUMBER | |
| System control number | (BD-RjUL)10982 |
| 040 ## - CATALOGING SOURCE | |
| Original cataloging agency | D2035 |
| Language of cataloging | eng |
| Transcribing agency | D2035 |
| Modifying agency | BD-RjUL |
| 041 0# - LANGUAGE CODE | |
| Language code of text/sound track or separate title | eng |
| Language code of summary or abstract | fre |
| 082 04 - DEWEY DECIMAL CLASSIFICATION NUMBER | |
| Classification number | 551.22 |
| Author mark and year | GUD 1976 |
| 100 1# - MAIN ENTRY--PERSONAL NAME | |
| Personal name | Gupta, Harsh K. |
| Fuller form of name | (Harsh Kumar), |
| Dates associated with a name | 1942- |
| 9 (RLIN) | 33787 |
| 245 10 - TITLE STATEMENT | |
| Title | Dams and earthquakes / |
| Statement of responsibility, etc. | by Harsh K. Gupta and B.K. Rastogi. |
| 260 ## - PUBLICATION, DISTRIBUTION, ETC. (IMPRINT) | |
| Place of publication, distribution, etc. | Amsterdam ; |
| -- | Oxford [etc.] : |
| Name of publisher, distributor, etc. | Elsevier, |
| Date of publication, distribution, etc. | c1976. |
| 300 ## - PHYSICAL DESCRIPTION | |
| Pagination | xvi,229p : |
| Illustrations | ill, charts, maps ; |
| Size | 25cm. |
| 500 ## - GENERAL NOTE | |
| General note | English text, parallel French and English forewords. |
| 504 ## - BIBLIOGRAPHY, ETC. NOTE | |
| Bibliography, etc | Bibl.: p.205-215. - Index. |
| 650 #0 - SUBJECT ADDED ENTRY--TOPICAL TERM | |
| Topical term or geographic name as entry element | Earthquakes and hydraulic structures. |
| 9 (RLIN) | 33789 |
| Topical term or geographic name as entry element | Reservoirs. |
| 9 (RLIN) | 33790 |
| 700 1# - ADDED ENTRY--PERSONAL NAME | |
| Personal name | Rastogi, B. K. |
| 942 ## - ADDED ENTRY ELEMENTS (KOHA) | |
| Source of classification or shelving scheme | Dewey Decimal Classification |
| Koha item type | Books |
| Lost status | Source of classification or shelving scheme | Damaged status | Not for loan | Collection code | Permanent Location | Current Location | Shelving location | Date acquired | Source of acquisition | Total Checkouts | Full call number | Date last seen | Copy number | Koha item type |
|---|---|---|---|---|---|---|---|---|---|---|---|---|---|---|
| Dewey Decimal Classification | Not For Loan | Non-fiction | Central Library, University of Rajshahi | Central Library, University of Rajshahi | Reading Room | 30/10/1980 | Nederland | 551.22 GUD 1976 | 25/01/2014 | C-1 | Books |